000 00421nam a2200145 a 4500
001 000030903
005 20200930062559.0
008 110606s1933 dr 000 0 spa d
040 _aDO-SdBNP
_bspa
_cBNPHU
100 1 _aTavarez Cuello, Miguel
_957425
245 1 0 _aEntre verdades y mentiras /
_cMiguel Tavarez Cuello.
260 _aSanto Domingo :
_bEditorial Cromos,
_c1933.
300 _a52 p. ;
_c20 cm.
049 _aBNPD
999 _c30395
_d30395